Football/Soccer - Name a Valid Answer #2 - Statistics

General Stats
  • This quiz has been taken 94 times
    48 since last reset
  • The average score is 7 of 8
Answer Stats
Hint Answer % Correct
Any World Cup Golden Boot winner since 1982 Kylian Mbappe | Harry Kane | James Rodríguez | Thomas Müller | Miroslav Klose | Ronaldo | Davor Šuker | Oleg Salenko | Hristo Stoichkov | Gary Lineker | Paolo Rossi
100%
Name a footballing nation that wears a green home kit Mexico | Nigeria | Cameroon | Mauritania | Saudi Arabia | Ireland | Northern Ireland
98%
Name a Scottish Premiership club other than Celtic and Rangers Aberdeen | Dundee United | Hearts | Hibernian | Kilmarnock | Dundee FC | Motherwell | St Mirren | Falkirk | Livingston
93%
Name a player that has played for both Bayern Munich and Real Madrid Arjen Robben | David Alaba | Xabi Alonso | Toni Kroos | James Rodriguez | Ze Roberto | Hamit Altintop | Alvaro Odriozola | Melanie Leupolz
93%
Name any Belgian player to play in the Spanish League Thibaut Courtois | Yannick Carrasco | Eden Hazard| Axel Witsel | Dodi Lukebakio | Adnan Januzaj | Arthur Vermeeren | Maximiliano Caufriez | Largie Ramazani | Siebe Van der Heyden | Roland Lamah | Zakaria Bakkali | Michy Batshuayi | Tom De Mul | Ronald Gaspercic | Gert Claessens | Theo Custers | Erwin Lemmens | Dominique Lemoine | Charly Musonda | Marvin Ogunjimi | Davy Roef | Albert Sambi Lokonga | Axel Smeets | Thomas Vermaelen | Fernand Goyvaerts | Landry Dimata | Stanis Idumbo Muzambo | Maxime Lestienne | Leander Dendoncker
91%
Team with yellow badge in top 5 leagues Borussia Dortmund | Lens | Nantes | Hellas Verona | Leeds United
86%
Name one English First Division winner not currently in the Premier League (1888-2025) Preston North | Sheffield United | Sheffield Wednesday | Blackburn Rovers | West Brom | Huddersfield | Portsmouth | Derby | Blackburn Rovers | Leicester City | Ipswich Town
86%
Football team starting with O in top 5 leagues Osasuna
45%
No matching quizzes found
Score Distribution
Percent of People with Each Score
Percentile by Number Answered
Your Score History
You have not taken this quiz since the last reset